| 000 | 00359cam a2200145 a 4500 | ||
|---|---|---|---|
| 020 | _a0205080731 | ||
| 040 | _cDLC | ||
| 082 | 0 | 0 | _a574 ALL 1984 A033 Or. |
| 100 | 1 | _aStenesh, J., | |
| 245 | 1 | 0 | _aExperimental biochemistry / |
| 260 |
_aBoston : _bAllyn and Bacon, _cc1984. |
||
| 300 |
_aviii, 599 p. : _bill. ; _c25 cm. |
||
| 650 | 0 | _aBiochemistry | |
| 942 | _cEK | ||
| 999 |
_c12473 _d12473 |
||